Welcome to WEB OPAC of MRSPTU Central Library

Elements electrical and Mechanical Engineering (Record no. 1468)

MARC details
000 -LEADER
fixed length control field 00390nam a2200145Ia 4500
008 - FIXED-LENGTH DATA ELEMENTS--GENERAL INFORMATION
fixed length control field 230711s9999||||xx |||||||||||||| ||und||
041 ## - LANGUAGE CODE
Language code of text/sound track or separate title ENG
082 ## - DEWEY DECIMAL CLASSIFICATION NUMBER
Classification number 621
Item number TR-E
100 ## - MAIN ENTRY--PERSONAL NAME
Personal name T.R.Banga
245 #0 - TITLE STATEMENT
Title Elements electrical and Mechanical Engineering
250 ## - EDITION STATEMENT
Edition statement 2nd
260 ## - PUBLICATION, DISTRIBUTION, ETC.
Date of publication, distribution, etc. 1987
Place of publication, distribution, etc. New Delhi
Name of publisher, distributor, etc. CBS Publishers & Distributors Pvt.Ltd
650 ## - SUBJECT ADDED ENTRY--TOPICAL TERM
Topical term or geographic name entry element Electrical Engineering
942 ## - ADDED ENTRY ELEMENTS (KOHA)
Koha item type Book
Holdings
Withdrawn status Lost status Damaged status Not for loan Collection Home library Current library Date acquired Total checkouts Full call number Barcode Date last seen Price effective from Koha item type
          MRSPTU Central Library MRSPTU Central Library     621 TR-E 7358 08/17/2023 08/17/2023 Book
          MRSPTU Central Library MRSPTU Central Library     621 TR-E 7359 08/17/2023 08/17/2023 Book
          MRSPTU Central Library MRSPTU Central Library     621 TR-E 7360 08/17/2023 08/17/2023 Book
          MRSPTU Central Library MRSPTU Central Library     621 TR-E 7361 08/17/2023 08/17/2023 Book
          MRSPTU Central Library MRSPTU Central Library     621 TR-E 7362 08/17/2023 08/17/2023 Book
          MRSPTU Central Library MRSPTU Central Library     621 TR-E 7363 08/17/2023 08/17/2023 Book
          MRSPTU Central Library MRSPTU Central Library     621 TR-E 7364 08/17/2023 08/17/2023 Book
          MRSPTU Central Library MRSPTU Central Library     621 TR-E 7365 08/17/2023 08/17/2023 Book
          MRSPTU Central Library MRSPTU Central Library     621 TR-E 7366 08/17/2023 08/17/2023 Book
          MRSPTU Central Library MRSPTU Central Library     621 TR-E 7367 08/17/2023 08/17/2023 Book

Website Designed and Developed by MRSPTU Central Library Team

E-mail Id: librarian@mrsptu.ac.in